03734cam a2200265 a 450000500170000000800410001702000180005804000650007604100080014104400080014908200190015724501250017626000750030130000850037650400530046150526970051465000380321165000430324965000280329265000330332070000270335370000290338070000360340970000230344520171024103924.0101223s2011 enkabd rb 001 0 eng  a9781849711470 aDLCcDLCdYDXdBTCTAdYDXCPdUKMGBdAGLdCDXdSOIdCO-BoIAVH0 aeng aenk00a630.2086bE19s00aEcosystem services from agriculture and agroforestry :bmeasurement and payment /ceditado por Bruno Rapidel [y otros 3] aLondres (Reino Unido) ;aWashington, DC (EE.UU.) : bEarthscan,c2011. axxxiv, 414 páginas :bilustraciones, mapas, gráficas y tablas ;c24 x 16 cm. aIncluye referencias bibliográficas e índice.0 aPrinciples and methods for assessing climate change mitigation as an ecosystem service in agroecosystems / Kristell Hergoualc'h -- Quantifying services and identifying watershed priority areas for soil and water conservation programmes / Miguel Marchamalo ... [et al.] -- Measuring biodiversity / Fabrice A.J. DeClerck and Alejandra Martínez Salinas -- Ecological mechanisms for pest and disease control in coffee and cacao agroecosystems of the neotropics / Jacques Avelino, G. Martijn ten Hoopen, and Fabrice A. J. DeClerck -- Services from plant-pollinator interactions in the neotropics / Lucas Alejandro Garibaldi ... [et al.] -- Ecological indexing as a tool for the payment for ecosystem services in agricultural landscapes: the experience of the GEF-silvopastoral project in Costa Rica, Nicaragua and Colombia / Cristóbal Villanueva ... [et al.] -- Estimating the cost and benefits of supplying hydrological ecosystem services: an application for small-scale rural drinking water organizations / Róger Madrigal-Ballestero -- Developing a business plan for forestry and other land use-based carbon projects / Colin Moore and Till Neeff -- A functional anatomy of the project-based carbon markets / Till Neeff and Jan Fehse -- The value of biodiversity in agricultural landscapes / Fabrice A. J. DeClerck and Jean-François Le Coq -- PES and eco-label: a comparative analysis of their limits and opportunities to foster environmental services provision / Jean-François Le Coq, Gabriela Soto, and Cliserio González Hernández -- Leveraging and sustainability of PES: lessons learned in Costa Rica / Rodrigo Murillo, Bernard Kilian, and René Castro -- The Mexican PES programme: targeting for higher efficiency in environmental protection and poverty alleviation / José Eduardo Rolón Sánchez, Ina Salas Boucher, and Iván Islas Cortés -- Assessing the impact of institutional design of payments for environmental services: the Costa Rican experience / Juan Robalino, Alexander Pfaff, and Laura Villalobos -- Certification process in the coffee value chain: achievements and limits to foster provision of environmental services / Gabriela Soto and Jean-François Le Coq -- Securing the continuous supply of drinking water in a territory requires concerted actions and integrating intervention strategies: a case study in Copán Ruinas, Honduras / Cornelis Prins and Josué León -- Payment for environmental services: perfecting an imperfect market by building up environmental solutions / Carlos Manuel Rodríguez -- Measurement and payment of ecosystem services from agriculture and agroforestry: new insights from the neotropics / Bruno Rapidel ... [et al.].26aAgriculturaxAspectos ambientales26aAgroforesteríaxAspectos ambientales26aAgriculturaxEcología26aServicios de los ecosistemas1 aRapidel, Brunoeeditor1 aDeClerk, Fabriceeeditor1 aLe Coq, Jean-Françoiseeditor1 aBeer, Johneeditor